000
00292nam a2200121Ia 4500
005
20260328101520.0
008
260328s9999||||xx |||||||||||||| ||und||
100
_a
Cinotti, Mya
245
0
_a
La femme nue par les peintres /
_c
Mya Cinotti
260
_b
Varenne
650
_a
PINTURA
942
_c
BK
999
_c
9568
_d
9568